000 00593nam a2200193 a 4500
008 161215t2009 spa |||g ||| 001 p spa d
020 _a9789870567028
041 _aspa
092 _c808.8
_l51
_sMEL
100 1 _aMellado, Silvia
_93294
245 _aAcetato.
_bPoesía capturada en Patagonia /
_cSilvia Mellado
250 _a1a ed.
260 _aNeuquén:
_bEDUCO;
_c2009.
300 _a46 p.
_c21x15 cm.
500 _aMellado, S. (2009). Acetato. (1a ed.). Neuquén : EDUCO.
590 _aProyecto 4to libro. Donación EDUCO, Septiembre 2017
655 _aPoesia
_92929
942 _2ddc
_cLIT
999 _c2449
_d2449